000 01319nam a22003737a 4500
003 CHAP
005 20220329143309.0
008 080312s2004 ag r 00010 spa d
010 _a94581
011 _a95553
020 _a9505552750
035 _a106180
040 _cCHAP
082 0 4 _a636.08951
_bM3y
100 1 _aMaddison, Jill E.
_969583
245 1 0 _aFarmacología clínica en pequeños animales
_c/por Jill E. Maddison, Stephen W. Page y David Church
260 _aBuenos Aires :
_bInter Médica,
_c2004
300 _aix, 494 p. :
_bcuadros
500 _aTrad. de la 1a. ed. en inglés
590 _aBATCH-UPD
_b10
_c20130110
_lUCH01
_h0352
590 _aBATCH-UPD
_b10
_c20130110
_lUCH01
_h1837
590 _aBATCH-UPD
_b10
_c20130410
_lUCH01
_h1525
590 _aBATCH-UPD
_b10
_c20130914
_lUCH01
_h1437
590 _aCONVERSION
_b10
_c20130109
_lUCH01
_h1352
650 1 4 _aFarmacología veterinaria.
_939764
650 1 4 _aMedicina.
_973899
650 1 4 _aVeterinaria
_xMedicamentos.
_9119002
700 0 _aChurch, David C.
_922992
700 1 _aPage, Stephen W.
_984713
901 _aBK
942 _cLIBRO
949 _a636.08951 M3y
_bBC
_cLIBRO
_d33724002053124
_eLIBRO
_gI.c/e
_h109254
_i106180
_si
_t$780.00
949 _a636.08951 M3y
_bBC
_cLIBRO
_d33724002070934
_eLIBRO
_fc.2
_gI.c/e
_h110187
_i106180
_si
_t$780.00
999 _c94581
_d94581